[Event "AUTO-ELITE-1705"]
[Site "http://www.queenalice.com/game.php?id=1429692"]
[Date "2016.6.29"]
[Round "1"]
[White "TcheRenato"]
[Black "FabioDavid"]
[Result "0-1"]
[WhiteElo "2329"]
[BlackElo "2523"]

1. e4 e6 2. c4 c5 3. Nc3 Nc6 4. f4 Nge7 5. Nf3 Nd4 6. b3 Nec6 7. Bb2 d6 8. Nb5
Nxf3+ 9. Qxf3 a6 10. Na3 Nd4 11. Bxd4 cxd4 12. Bd3 Be7 13. Nc2 e5 14. O-O O-O
15. Nb4 Bf6 16. Nd5 Be6 17. g3 Rc8 18. b4 exf4 19. gxf4 Bxd5 0-1

[Event "AUTO-ELITE-1705"]
[Site "http://www.queenalice.com/game.php?id=1429693"]
[Date "2016.6.29"]
[Round "1"]
[White "FabioDavid"]
[Black "TcheRenato"]
[Result "1-0"]
[WhiteElo "2519"]
[BlackElo "2336"]

1. b3 b6 2. Bb2 Bb7 3. e3 e6 4. Nf3 Nf6 5. c4 c5 6. Nc3 Nc6 7. Be2 Be7 8. O-O
O-O 9. d4 cxd4 10. Nxd4 a6 11. Bf3 Qb8 12. Nxc6 Bxc6 13. Bxc6 dxc6 14. Qf3 Rd8
15. Rad1 Qc7 16. Ne2 Ne8 17. e4 Nf6 18. Nf4 b5 19. Nd3 1-0

[Event "Let's Play Chess!"]
[Site "http://www.queenalice.com/game.php?id=1429708"]
[Date "2016.6.29"]
[Round "-"]
[White "Warprincess"]
[Black "TcheRenato"]
[Result "0-1"]
[WhiteElo "1100"]
[BlackElo "2389"]

1. e4 b5 2. d4 Bb7 3. d5 Nf6 4. f3 a6 5. Ne2 e6 6. dxe6 fxe6 7. a3 Bc5 8. Nbc3
O-O 9. Ng3 Ng4 10. fxg4 Bf2+ 11. Ke2 Qh4 12. Qd3 Nc6 0-1

[Event "Let's Play Chess!"]
[Site "http://www.queenalice.com/game.php?id=1429709"]
[Date "2016.6.29"]
[Round "-"]
[White "Warprincess"]
[Black "TcheRenato"]
[Result "1-0"]
[WhiteElo "1067"]
[BlackElo "2363"]

1. e4 e5 2. Nf3 d5 3. Nxe5 Bd6 4. d4 dxe4 5. f4 Nf6 6. Bc4 O-O 7. O-O c5 8. Nc3
Nc6 9. Nxc6 bxc6 10. Be3 Be6 11. Bxe6 fxe6 12. dxc5 Bc7 13. Qe2 Rb8 14. b3 Nd5
15. Nxe4 Nxe3 16. Qxe3 Bxf4 17. Qd3 Qxd3 18. cxd3 Be3+ 19. Kh1 Rbd8 20. Rxf8+
Kxf8 21. Rd1 Rd5 22. b4 a5 23. a3 axb4 24. axb4 Rd4 25. g3 Rxb4 26. Re1 Bd4 27.
Ng5 e5 28. Ne6+ Ke7 29. Nxd4 Rxd4 30. Rxe5+ Kf7 31. Re3 Rd5 32. Kg2 1-0

[Event "2016-06-29"]
[Site "http://www.queenalice.com/game.php?id=1429741"]
[Date "2016.6.30"]
[Round "-"]
[White "TcheRenato"]
[Black "ulisses34"]
[Result "1-0"]
[WhiteElo "2383"]
[BlackElo "1895"]

1. e4 Nc6 2. d4 e6 3. Nf3 Be7 4. d5 Nb8 5. Nc3 exd5 6. exd5 c6 7. d6 Bf6 8. Bc4
Bxc3+ 9. bxc3 Qf6 10. O-O Nh6 11. Re1+ Kd8 12. Bg5 1-0

[Event "AUTO-OPEN-3674"]
[Site "http://www.queenalice.com/game.php?id=1429975"]
[Date "2016.7.2"]
[Round "1"]
[White "Dean20"]
[Black "TcheRenato"]
[Result "1-0"]
[WhiteElo "1397"]
[BlackElo "2141"]

1. Nf3 d5 2. g3 Nf6 3. d4 g6 4. Bg2 Bg7 5. Nc3 O-O 6. O-O b6 7. Re1 Bb7 8. Bg5
Nbd7 9. Bxf6 Nxf6 10. Qd3 c5 11. e3 Ne4 12. a4 Rc8 13. Rad1 cxd4 14. exd4 Nxc3
15. bxc3 e6 16. Nd2 1-0

[Event "AUTO-OPEN-3674"]
[Site "http://www.queenalice.com/game.php?id=1429976"]
[Date "2016.7.2"]
[Round "1"]
[White "TcheRenato"]
[Black "Dean20"]
[Result "0-1"]
[WhiteElo "2118"]
[BlackElo "1427"]

1. e4 e5 2. Nf3 Nc6 3. Bb5 Nd4 4. Bc4 f6 5. Nxd4 exd4 6. e5 d5 7. exd6 Qxd6 8.
O-O Ne7 9. Qh5+ g6 10. Qf3 Bh6 11. Re1 Bd7 12. Qxb7 Bc6 13. Qa6 Bf4 14. Re6 Qc5
15. b3 O-O 0-1

[Event "AUTO-OPEN-3674"]
[Site "http://www.queenalice.com/game.php?id=1429999"]
[Date "2016.7.2"]
[Round "1"]
[White "TcheRenato"]
[Black "solzhenitsyn"]
[Result "1-0"]
[WhiteElo "2390"]
[BlackElo "2096"]

1. e4 c5 2. d4 cxd4 3. c3 dxc3 4. Nxc3 e6 5. Nf3 Bb4 6. Qd4 Bxc3+ 7. Qxc3 Nf6 8.
Bg5 h6 9. Bxf6 gxf6 10. Bd3 Nc6 11. O-O Qe7 12. Bb5 a6 13. Be2 d6 14. a4 Bd7 15.
b4 Rc8 16. Rac1 O-O 17. Qd2 Kh7 18. b5 axb5 19. axb5 Ne5 20. Nd4 Rc5 21. f4 Ng6
22. f5 exf5 23. exf5 Ne5 24. Ra1 Rfc8 25. Ra7 b6 26. Ra3 Nc4 27. Bxc4 Rxc4 28.
Rh3 Qf8 29. Rf4 Rc1+ 30. Kf2 Bxb5 31. Rfh4 Rf1+ 32. Kg3 Qg8+ 33. Rg4 Qf8 34.
Nxb5 1-0

[Event "AUTO-OPEN-3674"]
[Site "http://www.queenalice.com/game.php?id=1430000"]
[Date "2016.7.2"]
[Round "1"]
[White "solzhenitsyn"]
[Black "TcheRenato"]
[Result "0-1"]
[WhiteElo "2085"]
[BlackElo "2384"]

1. d4 Nf6 2. c4 e5 3. dxe5 Ng4 4. e6 fxe6 5. Nf3 Bc5 6. e3 Nc6 7. Be2 O-O 8. h3
Nge5 9. Nxe5 Nxe5 10. O-O b6 11. b3 Bb7 12. Bb2 Qg5 13. g3 Rxf2 0-1

[Event "AUTO-OPEN-3674"]
[Site "http://www.queenalice.com/game.php?id=1430001"]
[Date "2016.7.2"]
[Round "1"]
[White "TcheRenato"]
[Black "yasseryack"]
[Result "0-1"]
[WhiteElo "2277"]
[BlackElo "1933"]

1. e4 c5 2. Nf3 e6 3. d4 Be7 4. Bb5 Nf6 5. Nc3 b6 6. e5 Ng8 7. d5 Bb7 8. d6 Bxf3
9. Qxf3 Bxd6 10. exd6 Nc6 11. Bxc6 dxc6 12. Qxc6+ Kf8 13. Bg5 f6 0-1

[Event "AUTO-OPEN-3674"]
[Site "http://www.queenalice.com/game.php?id=1430002"]
[Date "2016.7.2"]
[Round "1"]
[White "yasseryack"]
[Black "TcheRenato"]
[Result "1-0"]
[WhiteElo "1963"]
[BlackElo "2255"]

1. f4 e5 2. d3 exf4 3. Nf3 g5 4. h3 d5 5. d4 Bb4+ 6. Bd2 a5 7. Bxb4 axb4 8. Nbd2
Ne7 9. Nb3 Nf5 10. Qd3 Ne3 11. g4 h5 12. gxh5 Rxh5 13. Nc5 b6 14. Qb5+ 1-0

[Event "Let's Play Chess!"]
[Site "http://www.queenalice.com/game.php?id=1430881"]
[Date "2016.7.11"]
[Round "-"]
[White "dnptrs"]
[Black "TcheRenato"]
[Result "0-1"]
[WhiteElo "2301"]
[BlackElo "2402"]

1. d4 Nc6 2. e4 e5 3. d5 Nce7 4. Bc4 Ng6 5. Nc3 Nf6 6. a3 Bc5 7. h3 O-O 8. Nge2
d6 9. Qd3 a6 10. b4 Ba7 11. O-O Nh5 12. Kh1 Qh4 13. g4 Bxg4 0-1

[Event "Let's Play Chess!"]
[Site "http://www.queenalice.com/game.php?id=1430968"]
[Date "2016.7.11"]
[Round "-"]
[White "charles31"]
[Black "TcheRenato"]
[Result "0-1"]
[WhiteElo "1808"]
[BlackElo "2401"]

1. Nc3 e5 2. e4 Nf6 3. d4 exd4 4. Qxd4 Nc6 5. Qe3 Bb4 6. a3 Bxc3+ 7. bxc3 O-O 8.
Bd3 d5 9. Nh3 dxe4 10. Be2 Nd5 11. Qxe4 Nxc3 12. Qd3 Nxe2 13. Qxd8 Rxd8 14. Kxe2
Nd4+ 0-1

[Event "Let's Play Chess!"]
[Site "http://www.queenalice.com/game.php?id=1430969"]
[Date "2016.7.11"]
[Round "-"]
[White "TcheRenato"]
[Black "charles31"]
[Result "0-1"]
[WhiteElo "2409"]
[BlackElo "1805"]

1. e4 e5 2. Nf3 d6 3. d4 exd4 4. Nxd4 h6 5. Bc4 Bd7 6. Qf3 Nf6 7. Qb3 Qe7 8.
Qxb7 Qxe4+ 9. Qxe4+ Nxe4 10. Bd5 c6 11. Bxe4 d5 12. Bf3 Bc5 13. Nb3 Bb6 14. Be3
Bxe3 15. fxe3 Na6 16. Nc3 O-O 17. O-O-O Bf5 18. Nd4 Bd7 19. e4 dxe4 20. Nxe4 c5
0-1

[Event "Let's Play Chess!"]
[Site "http://www.queenalice.com/game.php?id=1431230"]
[Date "2016.7.11"]
[Round "-"]
[White "Milxadrez"]
[Black "TcheRenato"]
[Result "1-0"]
[WhiteElo "1590"]
[BlackElo "2323"]

1. d4 Nc6 2. c4 e5 3. d5 Nce7 4. e4 Nf6 5. Nf3 Nxe4 6. Bd3 Nc5 7. Nxe5 d6 8. Nf3
g6 9. Nc3 Bg7 10. Be3 Nxd3+ 11. Qxd3 O-O 12. O-O Bg4 13. Bd4 Bxf3 14. Bxg7 Bxg2
15. Bxf8 Bxf1 16. Bxe7 Bxd3 17. Bxd8 Rxd8 18. Re1 Bxc4 19. Re7 Rc8 20. Kg2 a5
21. b3 Kf8 22. Re3 Ba6 23. Kf3 Re8 24. h4 h6 25. Ne4 Re5 26. Rc3 f5 27. Nf6 Re7
28. Re3 Kf7 29. Rxe7+ Kxe7 30. Ng8+ 1-0

[Event "Let's Play Chess!"]
[Site "http://www.queenalice.com/game.php?id=1431231"]
[Date "2016.7.11"]
[Round "-"]
[White "TcheRenato"]
[Black "Milxadrez"]
[Result "0-1"]
[WhiteElo "2323"]
[BlackElo "1590"]

1. e4 e5 2. Nf3 Nc6 3. Bc4 Nf6 4. Ng5 d5 5. exd5 Na5 6. Bb5+ c6 7. dxc6 bxc6 8.
Qf3 Rb8 9. Bxc6+ Nxc6 10. Qxc6+ Nd7 11. d3 Be7 12. Nf3 O-O 13. Qe4 Bb7 14. Qf5
Qc7 15. Ng5 g6 16. Qh3 Bxg5 17. Bxg5 Qxc2 18. O-O Qxb2 19. Nd2 Qd4 20. Nc4 f5
21. Rac1 Bd5 22. Be3 Qxd3 23. Rfd1 Qxd1+ 24. Rxd1 Bxc4 25. Bh6 Rfe8 26. Qc3 Bf7
27. Rxd7 Rec8 28. Qxe5 Rb1+ 0-1